[Event "Titled Tuesday intern op 14th Nov Early"]
[Site "Chess.com INT"]
[Date "2023.11.14"]
[Round "4"]
[White "Guttula, Balaji"]
[Black "Estevez Polanco, Leonardo Rafael"]
[Result "1-0"]
[WhiteElo "2278"]
[BlackElo "2106"]
[PlyCount "47"]
[EventDate "2023.11.14"]
[EventType "swiss (blitz)"]
[EventRounds "11"]
[EventCountry "USA"]
[SourceTitle "CB47_2023"]
[SourceDate "2023.11.22"]
[SourceVersion "1"]
[SourceVersionDate "2023.11.22"]
[SourceQuality "1"]

1. e4 e5 2. Nf3 Nc6 3. Bc4 Nf6 4. Nc3 Be7 5. d3 0-0 6. 0-0 d6 7. h3 Na5 8. Bb5 c6 9. Ba4 b5 10. Bb3 a6 11. Be3 Nxb3 12. axb3 h6 13. Nh2 Be6 14. f4 exf4 15. Bxf4 d5 16. exd5 Nxd5 17. Nxd5 Bxd5 18. Qg4 f5 19. Qg3 Bh4 20. Qe3 Kh7 21. Nf3 Bf6 22. Ne5 Qe8 23. Rae1 Ra7 24. Qxa7 1-0

[Event "Titled Tuesday intern op 26th Sep Early"]
[Site "Chess.com INT"]
[Date "2023.09.26"]
[Round "5"]
[White "Estevez Polanco, Leonardo Rafael"]
[Black "Gallegos, Carlos"]
[Result "0-1"]
[WhiteElo "2106"]
[BlackElo "2374"]
[PlyCount "90"]
[EventDate "2023.09.26"]
[EventType "swiss (blitz)"]
[EventRounds "11"]
[EventCountry "USA"]
[SourceTitle "EXT 2024"]
[Source "ChessBase"]
[SourceDate "2023.10.10"]
[SourceVersion "1"]
[SourceVersionDate "2023.10.10"]
[SourceQuality "1"]

1. e4 d6 2. d4 Nf6 3. Nc3 c6 4. Be3 Qa5 5. Qd2 e5 6. dxe5 dxe5 7. Nge2 Be7 8. Nc1 0-0 9. Nb3 Qc7 10. Bd3 Nbd7 11. 0-0 b5 12. a4 b4 13. Ne2 c5 14. Bc4 Nb6 15. Bb5 Nxe4 16. Qe1 Be6 17. a5 Nc4 18. Ng3 Ned6 19. Ba4 Nxe3 20. Qxe3 Nc4 21. Qc1 Rad8 22. Bb5 Qb7 23. Bxc4 Bxc4 24. Rd1 Rxd1+ 25. Qxd1 Rd8 26. Qe1 Qd5 27. Nf5 Bf8 28. h4 Bxb3 29. cxb3 g6 30. Ne3 Qxb3 31. Qe2 e4 32. h5 Bh6 33. hxg6 hxg6 34. Ng4 Bg7 35. Qxe4 Qxb2 36. Rf1 Qd4 37. Qe2 c4 38. Ne3 c3 39. Rd1 Qf6 40. Rxd8+ Qxd8 41. Qc4 Qb8 42. a6 b3 43. Nd5 b2 44. Ne7+ Kf8 45. Qc5 b1Q# 0-1

[Event "Titled Tuesday intern op 19th Sep Early"]
[Site "Chess.com INT"]
[Date "2023.09.19"]
[Round "9"]
[White "Estevez Polanco, Leonardo Rafael"]
[Black "Ronka, Erik"]
[Result "1/2-1/2"]
[WhiteElo "2106"]
[BlackElo "2297"]
[PlyCount "184"]
[EventDate "2023.09.19"]
[EventType "swiss (blitz)"]
[EventRounds "11"]
[EventCountry "USA"]
[SourceTitle "EXT 2024"]
[Source "ChessBase"]
[SourceDate "2023.10.10"]
[SourceVersion "1"]
[SourceVersionDate "2023.10.10"]
[SourceQuality "1"]

1. e4 c5 2. Nf3 e6 3. c4 Nc6 4. d4 cxd4 5. Nxd4 Nf6 6. Nc3 Bb4 7. Nxc6 bxc6 8. Bd3 e5 9. 0-0 Bxc3 10. bxc3 0-0 11. c5 d6 12. cxd6 Qxd6 13. Qe2 Bg4 14. f3 Be6 15. Rd1 Rfd8 16. Bg5 h6 17. Bxf6 gxf6 18. Qe3 Kg7 19. Qf2 Qa3 20. Qg3+ Kh7 21. Qh4 Qxc3 22. Bf1 Qe3+ 23. Kh1 Qg5 24. Qf2 a5 25. Qb6 Rdc8 26. Rac1 Bxa2 27. Rxc6 Be6 28. Rxc8 Bxc8 29. Ra1 Be6 30. Rxa5 Rc8 31. Ra1 Rc1 32. Rxc1 Qxc1 33. Qa6 f5 34. exf5 Bxf5 35. Qe2 f6 36. h3 Kg6 37. g4 Be6 38. Kh2 Qf4+ 39. Kg2 h5 40. Qe4+ Qxe4 41. fxe4 hxg4 42. hxg4 Bxg4 43. Kf2 Kg5 44. Ke3 Kh4 45. Bb5 Kg3 46. Bc6 Be6 47. Bb7 Kg2 48. Ba8 Kf1 49. Bd5 Bg4 50. Bc6 Kg2 51. Bb7 Kg3 52. Bc6 Bc8 53. Bd5 Kg4 54. Ba8 Kg5 55. Bd5 Kg6 56. Ba8 Kf7 57. Bd5+ Ke7 58. Bb3 Kd6 59. Bd1 Bb7 60. Be2 Kc5 61. Bf3 Bc6 62. Bg4 Bb5 63. Bf5 Bf1 64. Bg6 Bg2 65. Bh7 Kd6 66. Bf5 Ke7 67. Bh7 Bh3 68. Bg6 Bg4 69. Kf2 Kf8 70. Ke3 Kg7 71. Be8 Be6 72. Bb5 Kg6 73. Be2 Kg5 74. Bf1 Bg4 75. Bb5 Be6 76. Bc6 Bc8 77. Bb5 Kg4 78. Be8 Kg3 79. Bb5 Kg2 80. Bc4 Bd7 81. Ba6 Bc6 82. Bc4 Kg3 83. Bd5 Bd7 84. Bc4 Bg4 85. Bd3 Bf3 86. Bc4 Bh5 87. Be6 Bg6 88. Bc4 Kg4 89. Bd5 Be8 90. Bc4 Kg5 91. Be2 Bc6 92. Bc4 Bd7 1/2-1/2

[Event "Titled Tuesday intern op 19th Sep Early"]
[Site "Chess.com INT"]
[Date "2023.09.19"]
[Round "7"]
[White "Estevez Polanco, Leonardo Rafael"]
[Black "Tabuenca Mendataurigoitia, Daniel"]
[Result "1-0"]
[WhiteElo "2106"]
[BlackElo "2374"]
[PlyCount "143"]
[EventDate "2023.09.19"]
[EventType "swiss (blitz)"]
[EventRounds "11"]
[EventCountry "USA"]
[SourceTitle "EXT 2024"]
[Source "ChessBase"]
[SourceDate "2023.10.10"]
[SourceVersion "1"]
[SourceVersionDate "2023.10.10"]
[SourceQuality "1"]

1. e4 c5 2. Nf3 e6 3. c4 Nf6 4. Nc3 Nc6 5. d4 cxd4 6. Nxd4 Bb4 7. Nxc6 bxc6 8. Bd3 e5 9. 0-0 0-0 10. Ne2 Bc5 11. a3 a5 12. Bg5 h6 13. Bd2 a4 14. Qc1 Qb6 15. Ng3 Ng4 16. Be1 Rb8 17. Rb1 Qb3 18. Bc3 d6 19. h3 Nf6 20. Qd2 Be6 21. Qe2 Nd7 22. Nf5 Bxf5 23. exf5 Qb6 24. Bc2 Qa6 25. Kh1 f6 26. Qf3 Rfc8 27. Be4 Rb6 28. Bd3 Bd4 29. c5 Rb5 30. Bxb5 cxb5 31. Bxd4 exd4 32. Qd5+ Kh7 33. Qxd6 Qxd6 34. cxd6 Rc6 35. Rbc1 Rxd6 36. Rfd1 Rd5 37. g4 Ne5 38. Kg2 Nc4 39. Rc2 d3 40. Rcd2 Nxd2 41. Rxd2 h5 42. Kf3 Kh6 43. Ke3 Kg5 44. f3 Kh4 45. Rxd3 Rxd3+ 46. Kxd3 Kxh3 47. gxh5 Kh4 48. Kd4 Kxh5 49. Kc5 Kg5 50. Kxb5 Kxf5 51. Kxa4 Kf4 52. b4 Kxf3 53. b5 g5 54. b6 g4 55. b7 g3 56. b8Q g2 57. Qb3+ Kf2 58. Qb2+ Kg3 59. Qc3+ Kh2 60. Qd2 f5 61. Qf4+ Kh1 62. Qh4+ Kg1 63. Kb3 Kf1 64. Qf4+ Ke2 65. Qg3 Kf1 66. Qf3+ Kg1 67. a4 Kh2 68. Qh5+ Kg3 69. Qg5+ Kh2 70. Qh4+ Kg1 71. a5 f4 72. Qxf4 1-0

[Event "Titled Tuesday intern op 19th Sep Early"]
[Site "Chess.com INT"]
[Date "2023.09.19"]
[Round "1"]
[White "Jaskolka, Tomasz"]
[Black "Estevez Polanco, Leonardo Rafael"]
[Result "1-0"]
[WhiteElo "2228"]
[BlackElo "2106"]
[PlyCount "44"]
[EventDate "2023.09.19"]
[EventType "swiss (blitz)"]
[EventRounds "11"]
[EventCountry "USA"]
[SourceTitle "EXT 2024"]
[Source "ChessBase"]
[SourceDate "2023.10.10"]
[SourceVersion "1"]
[SourceVersionDate "2023.10.10"]
[SourceQuality "1"]

1. d4 Nf6 2. c4 e5 3. dxe5 Ng4 4. e3 Nxe5 5. f4 Ng6 6. Nf3 Bc5 7. h4 h5 8. Bd3 Nc6 9. Bxg6 fxg6 10. Nc3 d6 11. Qd3 Ne7 12. Bd2 0-0 13. 0-0-0 Nf5 14. Ng5 Qe8 15. Rde1 Bd7 16. e4 Nh6 17. e5 Qc8 18. e6 Bc6 19. Qxg6 Rf6 20. Qh7+ Kf8 21. e7+ Ke8 22. Qxg7 Kd7 1-0

[Event "Titled Tuesday intern op 19th Sep Early"]
[Site "Chess.com INT"]
[Date "2023.09.19"]
[Round "5"]
[White "Liyanage, Ranindu Dilshan"]
[Black "Estevez Polanco, Leonardo Rafael"]
[Result "1-0"]
[WhiteElo "2407"]
[BlackElo "2106"]
[PlyCount "79"]
[EventDate "2023.09.19"]
[EventType "swiss (blitz)"]
[EventRounds "11"]
[EventCountry "USA"]
[SourceTitle "EXT 2024"]
[Source "ChessBase"]
[SourceDate "2023.10.10"]
[SourceVersion "1"]
[SourceVersionDate "2023.10.10"]
[SourceQuality "1"]

1. c4 Nf6 2. Nc3 e6 3. e4 Bb4 4. e5 Ng8 5. Qg4 Kf8 6. d4 h5 7. Qf4 Nh6 8. Nf3 Kg8 9. Bd3 d5 10. cxd5 Qxd5 11. 0-0 Bxc3 12. bxc3 Nf5 13. c4 Qd8 14. d5 Na6 15. Ba3 b6 16. Rad1 Qe8 17. Be4 Rb8 18. Bxf5 exf5 19. Nd4 g6 20. e6 fxe6 21. dxe6 Nc5 22. Rfe1 Ne4 23. f3 Nc5 24. Bxc5 bxc5 25. Nb5 Rh7 26. Qg5 Bxe6 27. Qf6 Re7 28. Nxc7 Rxc7 29. Rxe6 Qf7 30. Qe5 Rbc8 31. Rdd6 Rd7 32. Rxg6+ Kf8 33. Qh8+ Ke7 34. Rge6+ Qxe6 35. Rxe6+ Kxe6 36. Qxc8 Kd6 37. Qf8+ Kc7 38. Qxc5+ Kd8 39. Qxf5 Kc7 40. Qxd7+ 1-0

[Event "Titled Tuesday intern op 12th Sep Early"]
[Site "Chess.com INT"]
[Date "2023.09.12"]
[Round "4"]
[White "Estevez Polanco, Leonardo Rafael"]
[Black "Daurimbetov, Azamat"]
[Result "1-0"]
[WhiteElo "2106"]
[BlackElo "2134"]
[PlyCount "125"]
[EventDate "2023.09.12"]
[EventType "swiss (blitz)"]
[EventRounds "11"]
[EventCountry "USA"]
[SourceTitle "EXT 2024"]
[Source "ChessBase"]
[SourceDate "2023.10.10"]
[SourceVersion "1"]
[SourceVersionDate "2023.10.10"]
[SourceQuality "1"]

1. e4 e6 2. d4 d5 3. Nc3 Bb4 4. Bd2 Nc6 5. exd5 exd5 6. Nge2 Nf6 7. a3 Be7 8. Be3 Ng4 9. Qd2 Nxe3 10. fxe3 Bf5 11. 0-0-0 Qd7 12. Ng3 Bg6 13. Bd3 0-0-0 14. Rhf1 Bxd3 15. Qxd3 Bf6 16. Qf5 Rhe8 17. Rde1 Ne7 18. Qxd7+ Rxd7 19. Kd2 Ng6 20. Nh5 Bg5 21. Kd3 Bh6 22. g3 c6 23. Rf3 f6 24. Nf4 Bxf4 25. gxf4 Rde7 26. Rg1 Nh4 27. Rh3 Nf5 28. Nd1 h6 29. c3 g5 30. fxg5 fxg5 31. Rf1 Nh4 32. Rf6 h5 33. Rh6 Nf5 34. Rf6 Ng7 35. Rg3 g4 36. h3 Re4 37. hxg4 hxg4 38. Rg6 Nf5 39. R3xg4 Rxg4 40. Rxg4 Kd7 41. Rf4 Nd6 42. Rg4 Ne4 43. Rg7+ Kc8 44. Rf7 a5 45. Nf2 Nd6 46. Rf4 Rg8 47. Rf3 Re8 48. Rf4 a4 49. e4 dxe4+ 50. Nxe4 Nxe4 51. Rxe4 Rg8 52. Re2 b5 53. Rh2 Rg3+ 54. Ke4 Kc7 55. Ke5 Rg5+ 56. Ke4 Rg4+ 57. Kd3 Rg3+ 58. Kc2 Kd6 59. b3 axb3+ 60. Kxb3 Kd5 61. Rh5+ Ke4 62. Re5+ Kd3 63. Re6 1-0

[Event "Titled Tuesday intern op 12th Sep Early"]
[Site "Chess.com INT"]
[Date "2023.09.12"]
[Round "8"]
[White "Estevez Polanco, Leonardo Rafael"]
[Black "Dmitrenko, Viktor"]
[Result "0-1"]
[WhiteElo "2106"]
[BlackElo "2395"]
[PlyCount "80"]
[EventDate "2023.09.12"]
[EventType "swiss (blitz)"]
[EventRounds "11"]
[EventCountry "USA"]
[SourceTitle "EXT 2024"]
[Source "ChessBase"]
[SourceDate "2023.10.10"]
[SourceVersion "1"]
[SourceVersionDate "2023.10.10"]
[SourceQuality "1"]

1. e4 c5 2. Nf3 d6 3. d4 cxd4 4. c3 Nf6 5. Bd3 dxc3 6. Nxc3 g6 7. Qe2 Bg7 8. 0-0 0-0 9. h3 Nc6 10. Rd1 Bd7 11. Be3 Qa5 12. Rac1 Ne5 13. Bc2 Nxf3+ 14. Qxf3 Be6 15. a3 Rfc8 16. Qe2 Bc4 17. Bd3 Bxd3 18. Qxd3 Nd7 19. Bd4 Bxd4 20. Qxd4 Qb6 21. Qxb6 Nxb6 22. Nb5 a6 23. Nc7 Rab8 24. Nd5 Nxd5 25. exd5 Kf8 26. Kf1 Ke8 27. Ke2 Kd7 28. Kd3 Rxc1 29. Rxc1 Rc8 30. Rd1 Rc5 31. Ke2 Rc2+ 32. Rd2 Rxd2+ 33. Kxd2 e6 34. dxe6+ Kxe6 35. Kd3 Kd5 36. f4 f5 37. b4 h6 38. g3 h5 39. h4 b5 40. Kc3 Ke4 0-1

[Event "Titled Tuesday intern op 25th Jul Early"]
[Site "Chess.com INT"]
[Date "2023.07.25"]
[Round "9"]
[White "Estevez Polanco, Leonardo Rafael"]
[Black "Lohani, Sujana"]
[Result "0-1"]
[WhiteElo "2096"]
[BlackElo "1756"]
[PlyCount "60"]
[EventDate "2023.07.25"]
[EventType "swiss (blitz)"]
[EventRounds "11"]
[EventCountry "USA"]
[SourceTitle "EXT 2024"]
[Source "ChessBase"]
[SourceDate "2023.10.10"]
[SourceVersion "1"]
[SourceVersionDate "2023.10.10"]
[SourceQuality "1"]

1. e4 c5 2. Nf3 Nc6 3. c3 e5 4. Bc4 Nf6 5. d3 d6 6. Nbd2 Be7 7. 0-0 0-0 8. h3 d5 9. Bb3 d4 10. cxd4 cxd4 11. Nc4 Qc7 12. Bd2 Nd7 13. Rc1 Nc5 14. Bc2 Re8 15. Bb1 Qb8 16. b4 Ne6 17. b5 Ncd8 18. Nfxe5 Bf6 19. Nf3 Nf4 20. Bxf4 Qxf4 21. Qd2 Qb8 22. Rfe1 Be6 23. Nh2 Bxc4 24. Rxc4 Ne6 25. Rec1 Be7 26. Bc2 Bd6 27. Nf1 Bf4 28. Bb3 Bxd2 29. Nxd2 Qd6 30. Nf3 Qf4 0-1

[Event "Titled Tuesday intern op 25th Jul Early"]
[Site "Chess.com INT"]
[Date "2023.07.25"]
[Round "7"]
[White "Nugumanov, Bakhtiyar"]
[Black "Estevez Polanco, Leonardo Rafael"]
[Result "1-0"]
[WhiteElo "2317"]
[BlackElo "2096"]
[PlyCount "57"]
[EventDate "2023.07.25"]
[EventType "swiss (blitz)"]
[EventRounds "11"]
[EventCountry "USA"]
[SourceTitle "EXT 2024"]
[Source "ChessBase"]
[SourceDate "2023.10.10"]
[SourceVersion "1"]
[SourceVersionDate "2023.10.10"]
[SourceQuality "1"]

1. Nf3 Nf6 2. c4 e6 3. g3 Be7 4. Bg2 0-0 5. 0-0 c5 6. d4 cxd4 7. Nxd4 a6 8. Nc3 Qc7 9. b3 Nc6 10. e4 Nxd4 11. Qxd4 d6 12. Ba3 Rd8 13. Rad1 Rb8 14. Rc1 Bd7 15. f4 Bc6 16. Nd5 exd5 17. cxd5 Qa5 18. dxc6 bxc6 19. Bb2 d5 20. e5 Nd7 21. Kh1 Nf8 22. Rxc6 Qxa2 23. e6 Bf6 24. exf7+ Kxf7 25. Rxf6+ gxf6 26. Qxf6+ Ke8 27. Re1+ Kd7 28. Re7+ Kc8 29. Qc6# 1-0

[Event "Bayamon op"]
[Site "Bayamon"]
[Date "2022.10.09"]
[Round "5"]
[White "Estevez Polanco, Leonardo Rafael"]
[Black "Zilleruelo Irizarry, Diego"]
[Result "1/2-1/2"]
[WhiteElo "2093"]
[BlackElo "2063"]
[PlyCount "101"]
[EventDate "2022.10.07"]
[EventType "swiss"]
[EventRounds "7"]
[EventCountry "PUR"]
[SourceTitle "EXT 2024"]
[Source "ChessBase"]
[SourceDate "2023.10.10"]
[SourceVersion "1"]
[SourceVersionDate "2023.10.10"]
[SourceQuality "1"]

1. e4 c6 2. Nf3 d5 3. Nc3 Bg4 4. h3 Bxf3 5. Qxf3 e6 6. b3 Nd7 7. Bb2 Ngf6 8. exd5 cxd5 9. Bd3 a6 10. 0-0 Bd6 11. Rfe1 0-0 12. Bf1 Rc8 13. Rac1 Be5 14. Bd3 Qa5 15. a3 Bb8 16. b4 Qc7 17. g3 Qd6 18. Qg2 Ba7 19. Re2 Qb8 20. Rd1 Bd4 21. Kh2 Rfe8 22. f4 h5 23. h4 Rcd8 24. Rde1 Ng4+ 25. Kh1 Ndf6 26. Nd1 Bxb2 27. Nxb2 b5 28. Nd1 Qb6 29. Nf2 Qd4 30. Nxg4 Nxg4 31. Bf5 Nf6 32. Bd3 Qb2 33. Qf3 Kf8 34. Qf2 Qxa3 35. f5 exf5 36. Qc5+ Kg8 37. Rxe8+ Rxe8 38. Rxe8+ Nxe8 39. Qe7 Qc1+ 40. Kh2 Qxd2+ 41. Kg1 Nf6 42. Qd8+ Kh7 43. Bxf5+ g6 44. Qxf6 Qe1+ 45. Kg2 Qe2+ 46. Kg1 Qe3+ 47. Kg2 Qe2+ 48. Kg1 Qe3+ 49. Kg2 Qe2+ 50. Kg1 Qe3+ 51. Kg2 1/2-1/2

[Event "Bayamon op"]
[Site "Bayamon"]
[Date "2022.10.08"]
[Round "2"]
[White "Estevez Polanco, Leonardo Rafael"]
[Black "Esquivel Golcher, Luis Enrique"]
[Result "1/2-1/2"]
[WhiteElo "2093"]
[BlackElo "2087"]
[PlyCount "24"]
[EventDate "2022.10.07"]
[EventType "swiss"]
[EventRounds "7"]
[EventCountry "PUR"]
[SourceTitle "EXT 2024"]
[Source "ChessBase"]
[SourceDate "2023.10.10"]
[SourceVersion "1"]
[SourceVersionDate "2023.10.10"]
[SourceQuality "1"]

1. d4 e6 2. Nf3 f5 3. c4 Nf6 4. Nc3 Bb4 5. Qb3 Qe7 6. a3 Bxc3+ 7. Qxc3 b6 8. g3 Bb7 9. Bg2 0-0 10. Bg5 d6 11. 0-0 Nbd7 12. b4 h6 1/2-1/2

[Event "Titled Tuesday intern op 31st May Early"]
[Site "Chess.com INT"]
[Date "2022.05.31"]
[Round "5"]
[White "Estevez Polanco, Leonardo Rafael"]
[Black "Pinheiro, Iung Alicio"]
[Result "0-1"]
[WhiteElo "2093"]
[BlackElo "2320"]
[PlyCount "70"]
[EventDate "2022.05.31"]
[EventType "swiss (blitz)"]
[EventRounds "11"]
[EventCountry "USA"]
[SourceTitle "CBM 208 Extra"]
[Source "ChessBase"]
[SourceDate "2022.07.31"]
[SourceVersion "1"]
[SourceVersionDate "2022.07.31"]
[SourceQuality "1"]

1. e4 c5 2. Nf3 Nc6 3. d4 cxd4 4. c3 Nf6 5. e5 Nd5 6. cxd4 d6 7. exd6 e6 8. Nc3 Bxd6 9. Nxd5 exd5 10. Be2 0-0 11. 0-0 h6 12. Be3 Bf5 13. Rc1 Re8 14. a3 a6 15. Qd2 Be4 16. Ne1 Re6 17. Bf3 Qh4 18. g3 Rg6 19. Bxe4 dxe4 20. Ng2 Qh3 21. Qc2 Re8 22. Qb3 Re7 23. Rfe1 Kh7 24. Rcd1 Re5 25. dxe5 Nxe5 26. Rxd6 Nf3+ 27. Kf1 Rxd6 28. Rd1 Rf6 29. Qd5 Nxh2+ 30. Ke2 Qxg2 31. Qxb7 Ng4 32. Rd7 Rxf2+ 33. Bxf2 Qxf2+ 34. Kd1 Ne3+ 35. Kc1 Qc2# 0-1

[Event "Titled Tuesday intern op 31st May Early"]
[Site "Chess.com INT"]
[Date "2022.05.31"]
[Round "7"]
[White "Hirneise, Jens"]
[Black "Estevez Polanco, Leonardo Rafael"]
[Result "1-0"]
[WhiteElo "2314"]
[BlackElo "2093"]
[PlyCount "43"]
[EventDate "2022.05.31"]
[EventType "swiss (blitz)"]
[EventRounds "11"]
[EventCountry "USA"]
[SourceTitle "CBM 208 Extra"]
[Source "ChessBase"]
[SourceDate "2022.07.31"]
[SourceVersion "1"]
[SourceVersionDate "2022.07.31"]
[SourceQuality "1"]

1. d4 Nf6 2. c4 e5 3. dxe5 Ng4 4. e3 Nxe5 5. Nc3 Nbc6 6. Nf3 Be7 7. Be2 0-0 8. 0-0 a5 9. b3 Nxf3+ 10. Bxf3 Bf6 11. Bb2 Ne5 12. Be2 c6 13. Qc2 d6 14. Rad1 Qe7 15. Ne4 Bf5 16. Nxf6+ Qxf6 17. e4 Bg6 18. f4 Bxe4 19. Qxe4 Nf3+ 20. Bxf3 Qxb2 21. Rf2 Qf6 22. Qd4 1-0

[Event "Titled Tuesday intern op 08th Mar Early"]
[Site "Chess.com INT"]
[Date "2022.03.08"]
[Round "1"]
[White "Estevez Polanco, Leonardo Rafael"]
[Black "Coto Mederos, Michel"]
[Result "0-1"]
[WhiteElo "2093"]
[BlackElo "2348"]
[PlyCount "148"]
[EventDate "2022.03.08"]
[EventType "swiss (blitz)"]
[EventRounds "11"]
[EventCountry "USA"]
[SourceTitle "CBM 207 Extra"]
[Source "ChessBase"]
[SourceDate "2022.05.31"]
[SourceVersion "1"]
[SourceVersionDate "2022.05.31"]
[SourceQuality "1"]

1. e4 e5 2. Nf3 Nc6 3. Bc4 Bc5 4. c3 Nf6 5. Qe2 d6 6. h3 a6 7. d3 h6 8. b4 Bb6 9. Nbd2 0-0 10. Nf1 d5 11. exd5 Nxd5 12. Bd2 Nf4 13. Bxf4 exf4 14. 0-0-0 Re8 15. Qd2 Qd6 16. Re1 Be6 17. Bxe6 Rxe6 18. N1h2 a5 19. b5 Ne5 20. Nxe5 Rxe5 21. Rxe5 Qxe5 22. a4 Re8 23. Nf3 Qc5 24. d4 Qa3+ 25. Qb2 Qxa4 26. Re1 Rxe1+ 27. Nxe1 Qc4 28. Qd2 a4 29. Nd3 Ba5 30. Ne5 Qxc3+ 31. Qxc3 Bxc3 32. Nf3 Bb4 33. Kc2 Bd6 34. Nd2 f5 35. f3 Kf7 36. Nc4 Ke6 37. Na5 b6 38. Nc4 Kd5 39. Kd3 a3 40. Nd2 a2 41. Nb3 Ba3 42. Kc3 g6 43. Na1 Be7 44. Nc2 Bf8 45. Kb3 Bg7 46. Kxa2 Bxd4 47. Kb3 Kc5 48. Na3 Be3 49. Kc3 Bc1 50. Nc4 Kxb5 51. Ne5 g5 52. Nf7 c5 53. Nxh6 Kc6 54. Nxf5 b5 55. Ne7+ Kd6 56. Nf5+ Ke5 57. Ne7 c4 58. Nc6+ Kd6 59. Nd4 Kc5 60. Ne6+ Kd5 61. Nxg5 Ba3 62. Ne4 b4+ 63. Kc2 Kd4 64. Nd2 b3+ 65. Nxb3+ cxb3+ 66. Kxb3 Bd6 67. Kc2 Ke3 68. h4 Kf2 69. h5 Kxg2 70. Kd3 Kxf3 71. Kd4 Bf8 72. Kd5 Kg4 73. Ke6 Kxh5 74. Kf7 f3 0-1

[Event "Titled Tuesday intern op 01st June"]
[Site "Chess.com INT"]
[Date "2021.06.01"]
[Round "7"]
[White "Estevez Polanco, Leonardo Rafael"]
[Black "Viskelis, Darius"]
[Result "0-1"]
[WhiteElo "2093"]
[BlackElo "2223"]
[PlyCount "98"]
[EventDate "2021.06.01"]
[EventType "swiss (blitz)"]
[EventRounds "11"]
[EventCountry "USA"]
[SourceTitle "CBM 202 Extra"]
[Source "ChessBase"]
[SourceDate "2021.07.31"]
[SourceVersion "1"]
[SourceVersionDate "2021.07.31"]
[SourceQuality "1"]

1. e4 e5 2. Nf3 Nc6 3. Bc4 Bc5 4. c3 Nf6 5. d3 0-0 6. 0-0 d5 7. exd5 Nxd5 8. h3 Re8 9. Nbd2 h6 10. Ne4 Bb6 11. Ng3 Be6 12. a4 a5 13. Re1 Qd6 14. Ne4 Qe7 15. Bb5 f5 16. Ng3 f4 17. Ne4 Bf5 18. Qb3 Rad8 19. c4 Ndb4 20. c5+ Be6 21. Qc3 Ba7 22. Nxe5 Nxe5 23. Qxe5 c6 24. Bc4 Bxc4 25. Qxe7 Rxe7 26. dxc4 Rde8 27. f3 Nc2 28. Bxf4 Nxe1 29. Rxe1 Bxc5+ 30. Kf1 Bb4 31. Rd1 Rxe4 32. fxe4 Rxe4 33. Bg3 Rxc4 34. Rd7 b5 35. axb5 cxb5 36. Be5 Bf8 37. Rb7 b4 38. Rb8 Kf7 39. Rb7+ Ke6 40. Bxg7 Bxg7 41. Rxg7 Rc1+ 42. Kf2 Rc2+ 43. Kg3 Rxb2 44. Rg6+ Kf5 45. Rxh6 a4 46. Ra6 a3 47. h4 a2 48. h5 Rb1 49. h6 a1Q 0-1

[Event "Titled Tuesday intern op 6th June"]
[Site "Chess.com INT"]
[Date "2020.06.02"]
[Round "1"]
[White "Estevez Polanco, Leonardo Rafael"]
[Black "Vypkhaniuk, Igor"]
[Result "0-1"]
[WhiteElo "2093"]
[BlackElo "2412"]
[PlyCount "134"]
[EventDate "2020.06.02"]
[EventType "swiss (blitz)"]
[EventRounds "10"]
[EventCountry "USA"]
[SourceTitle "CBM 196 Extra"]
[Source "ChessBase"]
[SourceDate "2020.07.31"]
[SourceVersion "1"]
[SourceVersionDate "2020.07.31"]
[SourceQuality "1"]

1. e4 c5 2. Nf3 Nc6 3. c3 Nf6 4. e5 Nd5 5. d3 g6 6. Be2 Bg7 7. d4 cxd4 8. cxd4 d6 9. exd6 Qxd6 10. 0-0 0-0 11. Nc3 Nxc3 12. bxc3 Rd8 13. Qb3 Na5 14. Qa4 b6 15. Ba3 Qd7 16. Qxd7 Bxd7 17. Rfe1 e6 18. c4 Rac8 19. Rac1 Bc6 20. Ne5 Rxd4 21. Nxc6 Nxc6 22. c5 Ra4 23. cxb6 axb6 24. Rxc6 Rxc6 25. Bb5 Rxa3 26. Bxc6 Rxa2 27. g3 Bd4 28. Rf1 Bc5 29. Kg2 g5 30. h3 h5 31. g4 h4 32. Kf3 Kg7 33. Ke4 Bxf2 34. Rd1 Rc2 35. Bb5 Bc5 36. Rd7 Rf2 37. Rd3 Rf4+ 38. Ke5 Rb4 39. Bd7 Rb2 40. Ke4 Re2+ 41. Kf3 Rh2 42. Ke4 Kf6 43. Bb5 Re2+ 44. Kf3 Rh2 45. Ke4 Rh1 46. Rf3+ Ke7 47. Kd3 Rb1 48. Bc4 Rg1 49. Ke4 Rb1 50. Rd3 b5 51. Bb3 Re1+ 52. Kf3 b4 53. Bd1 Rg1 54. Ke4 Re1+ 55. Kf3 Bd6 56. Be2 Rg1 57. Ke4 Re1 58. Kf3 f5 59. gxf5 exf5 60. Re3+ Kf6 61. Bc4 g4+ 62. Kf2 Bg3+ 63. Rxg3 hxg3+ 64. Kxe1 gxh3 65. Bd5 Ke5 66. Bb7 b3 67. Kd2 g2 0-1

[Event "Titled Tuesday intern op 19th May"]
[Site "Chess.com INT"]
[Date "2020.05.19"]
[Round "4"]
[White "Mrudul, Dehankar"]
[Black "Estevez Polanco, Leonardo Rafael"]
[Result "1-0"]
[WhiteElo "2256"]
[BlackElo "2093"]
[PlyCount "89"]
[EventDate "2020.05.19"]
[EventType "swiss (blitz)"]
[EventRounds "10"]
[EventCountry "USA"]
[SourceTitle "EXT 2021"]
[Source "ChessBase"]
[SourceDate "2020.10.23"]
[SourceVersion "1"]
[SourceVersionDate "2020.10.23"]
[SourceQuality "1"]

1. e4 e5 2. Nc3 Nf6 3. Bc4 Nxe4 4. Qh5 Nd6 5. Bb3 g6 6. Qxe5+ Qe7 7. Qxe7+ Bxe7 8. Nf3 0-0 9. d3 Bf6 10. Nd5 Bd8 11. Bf4 Ne8 12. 0-0-0 c6 13. Ne3 d5 14. c4 dxc4 15. dxc4 Bf6 16. h3 Na6 17. Ng4 Bg7 18. Bc2 Nc5 19. Rhe1 Be6 20. b3 a5 21. Ng5 Bxg4 22. hxg4 a4 23. b4 Na6 24. a3 h6 25. Ne4 Kh7 26. g5 hxg5 27. Nxg5+ Kg8 28. Ne4 Nf6 29. Nd6 Rab8 30. f3 Nh5 31. Bh2 b6 32. g4 Nf6 33. Bxa4 b5 34. Bb3 bxc4 35. Bxc4 Ra8 36. Ne4 Nxe4 37. Rxe4 c5 38. b5 Nb8 39. Rd3 Ra4 40. Bxf7+ Kxf7 41. Rxa4 Re8 42. Ra7+ Re7 43. Rxe7+ Kxe7 44. Bxb8 c4 45. Bd6+ 1-0

[Event "Titled Tuesday intern op 19th May"]
[Site "Chess.com INT"]
[Date "2020.05.19"]
[Round "5"]
[White "Winslow, Elliott C"]
[Black "Estevez Polanco, Leonardo Rafael"]
[Result "1-0"]
[WhiteElo "2150"]
[BlackElo "2093"]
[PlyCount "43"]
[EventDate "2020.05.19"]
[EventType "swiss (blitz)"]
[EventRounds "10"]
[EventCountry "USA"]
[SourceTitle "EXT 2021"]
[Source "ChessBase"]
[SourceDate "2020.10.23"]
[SourceVersion "1"]
[SourceVersionDate "2020.10.23"]
[SourceQuality "1"]

1. e4 e5 2. Nf3 Nc6 3. d4 exd4 4. Nxd4 Bc5 5. Nxc6 Qf6 6. Qf3 dxc6 7. Bc4 Qxf3 8. gxf3 Ne7 9. h4 Be6 10. Bxe6 fxe6 11. Be3 Bxe3 12. fxe3 0-0 13. Ke2 Ng6 14. f4 e5 15. f5 Ne7 16. Nd2 Rad8 17. Nf3 Rfe8 18. Rhg1 Kf8 19. Ng5 Kg8 20. Ne6 Rd7 21. Rxg7+ Kh8 22. Rag1 1-0